| 000 | 00543nam a2200169 a 4500 | ||
|---|---|---|---|
| 005 | 20140412111221.0 | ||
| 008 | 011015s19uu xx 00 eng d | ||
| 020 | _a1-85737-002-3 | ||
| 050 |
_aREF 507 _bIl6 1993 |
||
| 245 |
_aThe illustrated dictionary of : _becology and plant life / _ccontributors: Martin Walters; Merilyn Holme. |
||
| 260 |
_aUK : _bMerlion Publishing, _c1993. |
||
| 300 | _a160 p. ; ill. | ||
| 440 | _aThe illustrated dictionary of | ||
| 650 |
_aEcology _xDictionaries |
||
| 650 |
_aBotany _xDictionary |
||
| 999 |
_c101912 _d101912 |
||